Derecho Registral/ (Registro nro. 8003)

Detalles MARC
000 -LEADER
fixed length control field 01151nam a2200217Ia 4500
005 - FECHA Y HORA DE LA ÚLTIMA TRANSACCIÓN
control field 20230502142628.0
008 - FIXED-LENGTH DATA ELEMENTS--GENERAL INFORMATION
fixed length control field 230427s9999 xx 000 0 und d
020 ## - INTERNATIONAL STANDARD BOOK NUMBER
International Standard Book Number 9789700775661
040 ## - CATALOGING SOURCE
Original cataloging agency UPAN
Transcribing agency Biblioteca San Vicente
Description conventions RCAA2
041 ## - LANGUAGE CODE
Language code of text/sound track or separate title spa
082 ## - DEWEY DECIMAL CLASSIFICATION NUMBER
Classification number 340
Item number P438d
100 ## - MAIN ENTRY--PERSONAL NAME
Personal name Pérez Fernández del Castillo, Bernardo
Relator code aut.
245 #0 - TITLE STATEMENT
Title Derecho Registral/
Statement of responsibility, etc Bernardo Pérez Fernández del Castillo
250 ## - EDITION STATEMENT
Edition statement 9ª ed
260 ## - PUBLICATION, DISTRIBUTION, ETC. (IMPRINT)
Place of publication, distribution, etc México:
Name of publisher, distributor, etc Porrúa,
Date of publication, distribution, etc 1995
300 ## - PHYSICAL DESCRIPTION
Extent 238 p.;
Dimensions 21 cm.
505 ## - FORMATTED CONTENTS NOTE
Formatted contents note Primera parte: Registro publico de la propiedad<br/>Capitulo I: Evolución histórica de los Sistemas registrales<br/>Capitulo II: El registro publico de la propiedad como institucion<br/>Capitulo III: Principios registrales<br/>Capitulo IV: El procedimiento registral<br/>Capitulo V: Responsabilidad del registrador<br/>Segunda parte: Registro publico de comercio<br/>Capitulo I: Evolución Histórica del Registro publico de comercio<br/>Capitulo II: El registro publico de comercio como organismo publico<br/>Capitulo III: Principios registrales
650 ## - SUBJECT ADDED ENTRY--TOPICAL TERM
Source of heading or term LEMB
General subdivision Registros públicos
650 ## - SUBJECT ADDED ENTRY--TOPICAL TERM
Source of heading or term LEMB
General subdivision Registro de la propiedad
942 ## - ADDED ENTRY ELEMENTS (KOHA)
Koha item type Libros
Source of classification or shelving scheme Dewey Decimal Classification
Existencias
Withdrawn status Lost status Source of classification or shelving scheme Damaged status Not for loan Collection code Home library Current library Date acquired Total Checkouts Full call number Barcode Date last seen Price effective from Koha item type Copy number
    Dewey Decimal Classification     Colección General Biblioteca UPAN San Vicente Biblioteca UPAN San Vicente 27/04/2023   340 P438d 12000481 27/04/2023 27/04/2023 Libros  
    Dewey Decimal Classification     Colección General Biblioteca UPAN San Vicente Biblioteca UPAN San Vicente 02/05/2023   340 P438d 12000480 02/05/2023 02/05/2023 Libros 01
    Dewey Decimal Classification     Colección General Biblioteca UPAN San Vicente Biblioteca UPAN San Vicente 02/05/2023   340 P438d 12000482 02/05/2023 02/05/2023 Libros 02
    Dewey Decimal Classification     Colección General Biblioteca UPAN San Vicente Biblioteca UPAN San Vicente 03/07/2023   340 P438d 12004287 03/07/2023 03/07/2023 Libros 03